| 000 | 00559nam a22001937a 4500 | ||
|---|---|---|---|
| 003 | OSt | ||
| 008 | 260430b |||||||| |||| 00| 0 eng d | ||
| 082 |
_a635.7 _bS48G |
||
| 100 | _aSingh, Suresh Prasad. | ||
| 245 |
_aGenetic Variability and Stability of Coriander (Coriandrum Sativum L.) / _cby Suresh Prasad Singh |
||
| 260 |
_a.- Sabour, Bhagalpur _b: Bihar Agricultural College, RAU _c, 2000 |
||
| 300 | _a134p. | ||
| 502 |
_bPh. D. _d2000 |
||
| 650 | _aHorticulture | ||
| 650 | _aCoriander | ||
| 650 | _aThesis | ||
| 650 | _aPh. D. | ||
| 942 |
_2ddc _cT |
||
| 999 |
_c50331 _d50331 |
||